<?xml version="1.0" encoding="UTF-8"?>
<collection xmlns="http://www.loc.gov/MARC21/slim">
 <record>
  <leader>01075nam a22002537a 4500</leader>
  <controlfield tag="001">34837</controlfield>
  <controlfield tag="003">BD-DhAAL</controlfield>
  <controlfield tag="005">20250807150227.0</controlfield>
  <controlfield tag="008">190721r2018    bg ||||| |||| 00| 1 ben d</controlfield>
  <datafield tag="020" ind1=" " ind2=" ">
   <subfield code="a">98481601003</subfield>
  </datafield>
  <datafield tag="040" ind1=" " ind2=" ">
   <subfield code="a">BD-DhAAL</subfield>
   <subfield code="d">BD-DhAAL</subfield>
  </datafield>
  <datafield tag="041" ind1=" " ind2=" ">
   <subfield code="a">ben</subfield>
  </datafield>
  <datafield tag="082" ind1=" " ind2=" ">
   <subfield code="a">891.44371</subfield>
   <subfield code="2">23</subfield>
  </datafield>
  <datafield tag="100" ind1=" " ind2=" ">
   <subfield code="a">আহমেদ, হুমায়ূন</subfield>
   <subfield code="9">32970</subfield>
  </datafield>
  <datafield tag="245" ind1=" " ind2=" ">
   <subfield code="a">বৃষ্টি বিলাস /</subfield>
   <subfield code="c">হুমায়ূন আহমেদ,</subfield>
  </datafield>
  <datafield tag="260" ind1=" " ind2=" ">
   <subfield code="a">ঢাকা :</subfield>
   <subfield code="b">অন্যপ্রকাশ,</subfield>
   <subfield code="c">২০১৮ [অষ্টাদশ মুদ্রণ].</subfield>
  </datafield>
  <datafield tag="300" ind1=" " ind2=" ">
   <subfield code="a">১০৩ পৃষ্ঠা ;</subfield>
   <subfield code="c">২২ সে.মি.</subfield>
  </datafield>
  <datafield tag="526" ind1=" " ind2=" ">
   <subfield code="a">Residential Campus</subfield>
  </datafield>
  <datafield tag="541" ind1=" " ind2=" ">
   <subfield code="a">Development Book Agency</subfield>
   <subfield code="e">34837</subfield>
  </datafield>
  <datafield tag="650" ind1=" " ind2=" ">
   <subfield code="a">Bengali fiction</subfield>
   <subfield code="z">Bangladesh.</subfield>
   <subfield code="9">32971</subfield>
  </datafield>
  <datafield tag="852" ind1=" " ind2=" ">
   <subfield code="a">Savar Campus Library</subfield>
   <subfield code="c">General Stacks</subfield>
  </datafield>
  <datafield tag="942" ind1=" " ind2=" ">
   <subfield code="2">ddc</subfield>
   <subfield code="c">BK</subfield>
  </datafield>
  <datafield tag="999" ind1=" " ind2=" ">
   <subfield code="c">40921</subfield>
   <subfield code="d">40921</subfield>
  </datafield>
  <datafield tag="952" ind1=" " ind2=" ">
   <subfield code="0">0</subfield>
   <subfield code="1">0</subfield>
   <subfield code="2">ddc</subfield>
   <subfield code="4">0</subfield>
   <subfield code="6">891_443710000000000_AHM</subfield>
   <subfield code="7">0</subfield>
   <subfield code="9">65684</subfield>
   <subfield code="a">SCL</subfield>
   <subfield code="b">SCL</subfield>
   <subfield code="c">GEN</subfield>
   <subfield code="d">2019-07-17</subfield>
   <subfield code="e">Development Book Agency</subfield>
   <subfield code="g">176.00</subfield>
   <subfield code="l">45</subfield>
   <subfield code="m">30</subfield>
   <subfield code="o">891.44371 AHM</subfield>
   <subfield code="p">3020034837</subfield>
   <subfield code="q">2026-06-04</subfield>
   <subfield code="r">2026-05-21</subfield>
   <subfield code="s">2026-05-21</subfield>
   <subfield code="t">1</subfield>
   <subfield code="v">176.00</subfield>
   <subfield code="w">2019-07-17</subfield>
   <subfield code="y">BK</subfield>
  </datafield>
 </record>
</collection>
